01752cam a22004097a 4500003000500000005001700005008004100022010001000063011001000073035001000083040000900093090001000102100004200112245009000154260004000244300002200284502010100306590003700407590004100444590004100485590004100526590004100567590004100608590004200649650003900691650003600730700004500766901000700811942000900818949003600827949004100863949004100904999001700945952012600962952012601088952012801214CHAP20220329140619.0971013s1982 r 00010 d a54778 a55750 a59902 cCHAP aTesis00aSantamaría Pérez, Carlos.9102283 0aConservación de crisantemo, (Chrysanthemum morifolium R.) en atmósfera controlada aChapingo, Méx. :bEl autor,c1982 a57 h.b: gráfs. aTesis (Ing. Agr. Esp. en Industrias Agrícolas) -- UACH. Departamento de Industrias Agrícolas aALEPHb10c20130110lUCH01h1332 aBATCH-UPDb10c20130110lUCH01h0656 aBATCH-UPDb10c20130110lUCH01h2357 aBATCH-UPDb10c20130410lUCH01h0341 aBATCH-UPDb10c20130410lUCH01h1643 aBATCH-UPDb10c20130914lUCH01h1057 aCONVERSIONb10c20130109lUCH01h133014aCrisantemoxAlmacenamiento.92894214aDendranthema morifolium.9317690 aLópez Sánchez, José Rafael.968353 aBK cFOLL bBCcTESd-129369eTS1i59902si bBCcTESd-129372eTS2fc.2i59902si bBCcTESd-129373eTS2fc.3i59902si c54778d54778 00102local4053708TESISaBCbBCcPA_TESISd2012-12-17fTESISl0p-129372r2019-12-31 00:00:00tc.2w2019-12-31yTESIS 00102local4053708TESISaBCbBCcPA_TESISd2012-12-17fTESISl0p-129373r2019-12-31 00:00:00tc.3w2019-12-31yTESIS 00102local4051718TESISaBCbBCcPA_TESISd2012-12-17fTESISl0oTesisp-129369r2019-12-31 00:00:00w2019-12-31yTESIS